Get the Picture: From Which Nordic Country? Quiz Stats

 Plays Quiz Updated May 29, 2019

Score 0/12 Timer 03:00
0 Plays Today
Question Answer Wrong Answers
Golfer Annika Sörenstam Sweden
71%
Norway
11.7%
Finland
6.1%
Denmark
7%
Hockey Player Teemu Selänne Finland
69.7%
Sweden
11.4%
Norway
8.8%
Denmark
5.7%
Explorer Roald Amundsen Norway
67.3%
Sweden
13.8%
Finland
5.2%
Denmark
9.6%
Author Hans Christian Andersen Denmark
65.5%
Sweden
12.9%
Norway
13.5%
Finland
3.6%
Architect Eero Saarinen Finland
64.2%
Sweden
12.5%
Norway
11.6%
Denmark
7.8%
Chemist Alfred Nobel Sweden
63.8%
Norway
21.2%
Finland
3.3%
Denmark
7.6%
Opera Singer Jenny Lind Sweden
61.1%
Norway
15.6%
Finland
7.8%
Denmark
11.4%
Tennis Player Caroline Wozniacki Denmark
55.9%
Sweden
16.4%
Norway
12.7%
Finland
10.5%
Playwright Henrik Ibsen Norway
53.1%
Sweden
24.2%
Finland
5.9%
Denmark
12.7%
Figure Skater Sonja Henie Norway
47%
Sweden
22.2%
Finland
13.6%
Denmark
13.3%
Composer Jean Sibelius Finland
43.4%
Sweden
17.9%
Norway
18.3%
Denmark
16.1%
Actress Brigitte Nielsen Denmark
35.7%
Sweden
38.6%
Norway
16.7%
Finland
4.5%

Today's Daily Dose

Missing Word
Sherlocks

Word Ladder
King of the Hill

Quick Pick
Songs in Pink

Get the Picture
NBA Teammates

You're not logged in!

Compare scores with friends on all Sporcle quizzes.
OR
Log In

Sporcle TV

Today on Sporcle TV


Watch our educational content, quiz creation guides, and fun videos on Sporcle TV.

Show Comments

Extras

Top Quizzes Today


Score Distribution

Your Account Isn't Verified!

In order to create a playlist on Sporcle, you need to verify the email address you used during registration. Go to your Sporcle Settings to finish the process.

Report this User

Report this user for behavior that violates our Community Guidelines.

Details: